000 00288nam a22000977a 4500
100 _aKiran Pub.
_979927
245 _aSSC Mathematics Chapterwise & Typewise Solved Papers 1999- Till Date 10500+ Obj. Qus.
300 _aDelhi
_bKiran's Publication
_e2020
650 _aMaths
_979928
942 _cBK
999 _c63467
_d63467